| 000 -LEADER |
| fixed length control field |
00631nam a22001097a 4500 |
| 008 - FIXED-LENGTH DATA ELEMENTS--GENERAL INFORMATION |
| fixed length control field |
161031b xxu||||| |||| 00| 0 eng d |
| 100 ## - MAIN ENTRY--AUTHOR'S NAME |
| Author's Name |
Steuer, Friedrich |
| 245 ## - TITLE STATEMENT |
| Title |
Handbuch und Katalog der deutschen Kolonial-Vorlaufer |
| Remainder of title |
mit Bewertung aller auf Vor- und Mitlaufern moglichen Abstempelungen, unter Berucksichtigung der bei den deutschen Auslandspostamtern und Kolonien nachweisbaren, verschiedenen Auflagen der verwendeten Marken des Deutschen Reiches |
| 250 ## - EDITION STATEMENT |
| Linkage |
1st edition |
| 260 ## - PUBLICATION, DISTRIBUTION, ETC. (IMPRINT) |
| Place of publication, distribution, etc. |
Munich, Germany |
| Name of publisher, distributor, etc. |
Schwaneberger Verlag |
| Date of publication, distribution, etc. |
1973 |
| 650 ## - TOPICAL TERM (Tag) |
| Topical term or geographic name |
German Colonies | Germany | Collecting | Catalogs and Price Lists | Prices and Values |